Normal view
MARC view
- KEYES, FRANCESS PARKINSON
Entry Personal Name
001 - CONTROL NUMBER
- control field: 79458
003 - CONTROL NUMBER IDENTIFIER
- control field: NUST
005 - DATE AND TIME OF LATEST TRANSACTION
- control field: 20210628210445.0
008 - FIXED-LENGTH DATA ELEMENTS
- fixed length control field: 210628|| aca||aabn | a|a d
040 ## - CATALOGING SOURCE
- Original cataloging agency: NUST
- Transcribing agency: NUST
100 ## - HEADING--PERSONAL NAME
- Personal name: KEYES, FRANCESS PARKINSON
670 ## - SOURCE DATA FOUND
- Source citation: Work cat.: (NUST): KEYES, FRANCESS PARKINSON, I THE KING, 1968
